Statistiques concernant Culture Générale - Série 1303

Cliquez ici pour prendre le quiz!

Statistiques générales

  • Ce quiz a été pris 42 fois
  • Le résultat moyen est 4 sur 10

Statistiques - réponses

QuestionRéponse% Correct
En 1936, combien de semaines de congés payés ont-elles été accordées aux Français ?deux
98%
Quel pays reçoit le plus grand nombre de demandes d'immigration de Français ?Canada
73%
Quel personnage de la mythologie grecque est l'héroïne d'une tragédie composée par Sophocle et modernisée par Anouilh ?Antigone
63%
A quel célèbre portrait Marcel Duchamps a-t-il ajouté une moustache et une barbichette en 1919 ?La joconde
60%
Dans quelle station de sports d'hiver les Bronzés ont-ils fait du ski ?Val d'Isère
25%
Quel officier britannique a fondé les boy-scouts en 1908 ?Robert Baden-Powell
25%
Comment appelle-t-on les habitants de l'île de Mayotte ?Mahorais
13%
Dans quelle ville s'est déroulée la finale du Mondial de football 2002 ?Yokohama
13%
Dans quel château Shakespeare situe-t-il l’action d’Hamlet ?Elseneur
8%
Comment appelle-t-on les jeunes moules élevées en mytiliculture ?naissain
5%

Distribution des résultats

Percentile par nombre de réponses

% des personnes avec chaque résultat

Votre développement - résultats

Vous n’avez pas pris ce quiz